| 000 | 00983nam a2200217Ia 4500 | ||
|---|---|---|---|
| 003 | Ost | ||
| 005 | 20260507075711.0 | ||
| 008 | 260507s9999||||xx |||||||||||||| ||und|| | ||
| 020 | _a9789961527849 | ||
| 040 | _cfsecg | ||
| 041 | _aara | ||
| 082 | _a330 | ||
| 100 |
_aغول،فرحات _eمؤلف |
||
| 245 | 0 |
_aمدخل إلى الاقتصاد / _cفرحات غول |
|
| 260 |
_aالجزائر: _bدار الخلدونية, _c2017 |
||
| 300 |
_a208 صفحة؛ _bإيضاحات ؛ _c24 سم |
||
| 504 | _aمراجع ص.203 | ||
| 520 | _aالتعريف بعلم الاقتصاد ،موضوع و منهج علم الاقتصاد و علاقته بالعلوم الاخرى، المشكلة الاقتصادية و الأنظمة الاقتصادية، العرض و الطلب ، البطالة و التضخم ، النقود و البنوك ، الدخل الوطني، التنمية الاقتصادية و البيئة. | ||
| 653 | _aالاقتصاد | ||
| 942 | _cكتاب | ||
| 999 |
_c45893 _d45893 |
||